000 00479nam a22001817a 4500
008 150921b xxu||||| |||| 00| 0 eng d
020 _a1594600937
041 0 _aeng
080 _a341
100 1 _aEpps, Valerie,
245 1 0 _aInternational law /
_cValerie Epps.
250 _a3rd ed.
260 _aDurham, N.C. :
_bCarolina Academic Press,
_c2005.
300 _axxvii, 466 f. ;
_b26 cm.
650 0 _aE drejta ndërkombëtare
700 1 _aEpps, Valerie,
942 _2udc
_cBK
999 _c1153
_d1153